Lord of the Rings Limericks Quiz Stats

Quiz Updated Oct 4, 2014

Challenge
Share
Tweet
Embed
Score 0/16 Timer 05:00
2 Plays Today
Limerick Character % Correct
I was forged quite a long time ago
They say I bring nothing but woe
With me on your finger
You can sneak in and linger
But the Dark Lord your location will know
One Ring
98.8%
To bring to this dark time some light
Some wise words I will give you outright
Cheap tricks? So uncool
Took, don’t be a fool!
And I think I’d look better in white
Gandalf
96.6%
I am short but I'm steady and brave
And I must say, the elf is my fave
If this war we survive
Then our friendship will thrive
And we’ll travel through forest and cave
Gimli
93.4%
Lost my parents when I was a lad
And the quest I was given seems mad
I’ve fought orcs and black riders
And huge creepy spiders
And now I’ve no finger – how sad
Frodo Baggins
93.3%
I’ve loved stories since I was quite wee
Never thought that a hero I’d be
But I’ve come with my master
Through every disaster
And now Rosie’s the lady for me
Samwise Gamgee
92.1%
For me to rule Gondor as king
A good wife would be just the thing
But of which am I fond
The brunette or the blonde?
And no, Frodo, I can’t use THAT ring
Aragorn
85.7%
There isn't that much to discuss
Nasty hobbitses stole it from us!
It's our birthday present
And you’ll find it unpleasant
If it’s not now returned without fuss
Gollum/Smeagol
85.4%
With many a tree I’ve conversed
To be hasty would be just the worst
But this wizard one day
Rubbed me the wrong way
And his tower now I have submersed
Treebeard
84.6%
Limerick Character % Correct
I’m dignified, noble, and wise
But this mortal my wishes defies
He crossed mountain and water
Just to marry my daughter
Oh, I wish that she liked elvish guys
Elrond
84.1%
Oh, I could have become a great queen
The most terrible they’d ever seen
But I think it is best
To fade into the West
I’ll stay me, ever calm and serene
Galadriel
79.6%
To be weak I could never afford
So I’ve studied both war and the sword
Beat my rivals with class
Yeah, I’m pretty badass
I’m a girl, but I won’t be ignored
Éowyn
78.7%
Now what I still can’t comprehend
Is just why I’m apart from my friend
Gave that Nazgûl what-for
In the Fields of Pelennor
But my cousin’s all I need, in the end
Meriadoc Brandybuck
77.8%
Although some saw my actions as wrong
I was trying to help all along
In the end I did well
See you Uruks in hell
Though my death you did really prolong
Boromir
73.8%
Now many a story’s been spun
How my swiftness is second to none
With my wizard astride
We face trials with pride
We won’t rest ‘til the battle is won
Shadowfax
66.8%
My sons would prevail – so I thought
But my favorite just had to get shot
So light the other on fire
On this funeral pyre
Wait, is he still alive? Well, I'm not
Denethor
65.8%
Many times I survived being struck
But now my plans have gone amok
I’ve slain soldiers and knights
I’ve won plenty of fights
But this one is no man??? Bad luck!
Witch-King of Angmar
60.8%

You're not logged in!

Compare scores with friends on all Sporcle quizzes.
Join for Free
OR
Log In

You Might Also Like...

Show Comments

Extras

Top Quizzes Today


Score Distribution

Your Account Isn't Verified!

In order to create a playlist on Sporcle, you need to verify the email address you used during registration. Go to your Sporcle Settings to finish the process.

Report this User

Report this user for behavior that violates our Community Guidelines.

Details: